| 000 | 00992nam0a2200325 4500 | ||
|---|---|---|---|
| 001 | RU\NLR\BIBL_A\022526351 | ||
| 005 | 20250810081444.0 | ||
| 010 | _a5-415-00524-2 | ||
| 035 | _a(NLR Aleph) 022526351 | ||
| 090 |
_a13401358 _c13401358 |
||
| 100 | _a20250418d1990 u y0rusy50 ca | ||
| 101 | 0 | _alit | |
| 102 | _aLT | ||
| 105 | _ay z 000ay | ||
| 181 | 0 |
_ai4 _baxxe |
|
| 182 | 0 | _an | |
| 200 | 1 |
_aKalės vaikai _eromanas _fSaulius Šaltenis |
|
| 203 |
_aТекст _bвизуальный _cнепосредственный |
||
| 210 |
_aVilnius _cVaga _d1990 |
||
| 215 |
_a194, [1] с. _d15 |
||
| 541 | 1 |
_6z01790 _a[Сукины дети _eроман] _zrus |
|
| 686 | 1 | _aШ6(4Ли)-4 | |
| 700 | 1 |
_aŠaltenis _bS. _f1945- _gSaulius _4070 |
|
| 790 | 1 |
_6z01541 _aШальтянис _bС. _f1945- _gСаулюс _4070 |
|
| 942 | _cBOOK | ||
| 980 | _aNB | ||